teacher in the imarging indian society (Record no. 45149)
[ view plain ]
| 000 -LEADER | |
|---|---|
| fixed length control field | nam a22 7a 4500 |
| 003 - CONTROL NUMBER IDENTIFIER | |
| control field | OSt |
| 005 - DATE AND TIME OF LATEST TRANSACTION | |
| control field | 20190403124542.0 |
| 008 - FIXED-LENGTH DATA ELEMENTS--GENERAL INFORMATION | |
| fixed length control field | 190403b xxu||||| |||| 00| 0 eng d |
| 040 ## - CATALOGING SOURCE | |
| Transcribing agency | sero soft |
| 100 ## - MAIN ENTRY--PERSONAL NAME | |
| Personal name | Ruhela,S.p |
| 245 ## - TITLE STATEMENT | |
| Title | teacher in the imarging indian society |
| 300 ## - PHYSICAL DESCRIPTION | |
| Extent | 228 |
| 942 ## - ADDED ENTRY ELEMENTS (KOHA) | |
| Source of classification or shelving scheme | |
| Koha item type | Book Bank |
| Withdrawn status | Lost status | Source of classification or shelving scheme | Damaged status | Not for loan | Home library | Current library | Date acquired | Source of acquisition | Cost, normal purchase price | Inventory number | Total Checkouts | Barcode | Date last seen | Price effective from | Koha item type |
|---|---|---|---|---|---|---|---|---|---|---|---|---|---|---|---|
| IIMT University College of Education | IIMT University College of Education | 04/03/2019 | loyal book depot meerut | 125.00 | 8620--24/06/08 | 05-B-15051 | 04/03/2019 | 04/03/2019 | Book Bank | ||||||
| IIMT University College of Education | IIMT University College of Education | 04/03/2019 | loyal book depot meerut | 125.00 | 8620--24/06/08 | 05-B-15052 | 04/03/2019 | 04/03/2019 | Book Bank | ||||||
| IIMT University College of Education | IIMT University College of Education | 04/03/2019 | loyal book depot meerut | 125.00 | 8620--24/06/08 | 05-B-15053 | 07/10/2024 | 04/03/2019 | Book Bank | ||||||
| IIMT University College of Education | IIMT University College of Education | 04/03/2019 | loyal book depot meerut | 125.00 | 8620--24/06/08 | 05-B-15054 | 04/03/2019 | 04/03/2019 | Book Bank |

